[Event "Titled Tue 20th May Early"]
[Site "chess.com INT"]
[Date "2025.05.20"]
[Round "7"]
[White "Eswaran, Ashritha"]
[Black "Aradhya, Garg"]
[Result "1/2-1/2"]
[WhiteTitle "FM"]
[BlackTitle "IM"]
[WhiteElo "2236"]
[BlackElo "2383"]
[WhiteFideId "2080788"]
[BlackFideId "25006746"]
[EventDate "2025.05.20"]

1. e4 e5 2. Nf3 Nc6 3. d4 exd4 4. Bc4 Nf6 5. e5 Ng4 6. O-O Be7 7. Re1 d6 8. exd6
cxd6 9. h3 Nge5 10. Bb5 Nxf3+ 11. Qxf3 Bd7 12. Bg5 f6 13. Bf4 O-O 14. Nd2 Kh8
15. Qg3 Ne5 16. Bxd7 Qxd7 17. Nb3 Qa4 18. Re4 Qc6 19. Re2 Qd5 20. Rd1 d3 21.
cxd3 Rac8 22. Rde1 Rf7 23. d4 Ng6 24. h4 a5 25. Qg4 f5 26. Qg3 a4 27. h5 Nxf4
28. Rxe7 Nxh5 29. Re8+ Rf8 30. Rxc8 Rxc8 31. Qg5 axb3 32. Qxh5 bxa2 33. Kh2 Ra8
34. Re8+ Rxe8 35. Qxe8+ Qg8 36. Qa4 h6 37. b3 Qd5 38. Qxa2 Qxd4 39. Qa8+ Kh7 40.
Qxb7 Qxf2 41. Qd5 Qh4+ 42. Kg1 Qe1+ 43. Kh2 Kg6 44. Qxd6+ Kg5 45. b4 Qh4+ 46.
Kg1 Qe1+ 47. Kh2 f4 48. b5 Qg3+ 49. Kh1 Qe1+ 50. Kh2 Qh4+ 51. Kg1 Qe1+ 52. Kh2 1/2-1/2

[Event "Titled Tue 20th May Early"]
[Site "chess.com INT"]
[Date "2025.05.20"]
[Round "7"]
[White "Rushbrooke, Remy"]
[Black "Purtseladze, Maka"]
[Result "0-1"]
[BlackTitle "IM"]
[WhiteElo "2090"]
[BlackElo "2261"]
[WhiteFideId "443590"]
[BlackFideId "13602659"]
[EventDate "2025.05.20"]

1. Nf3 d5 2. g3 c5 3. Bg2 Nc6 4. d4 Nf6 5. O-O e6 6. c4 dxc4 7. dxc5 Qxd1 8.
Rxd1 Nd5 9. Nbd2 c3 10. Ne4 f5 11. Nxc3 Nxc3 12. bxc3 Bxc5 13. Nd4 Bd7 14. Nb5
Rc8 15. Be3 Bxe3 16. Nd6+ Ke7 17. Nxc8+ Rxc8 18. fxe3 Na5 19. e4 Rc5 20. exf5
exf5 21. Kf2 Bc6 22. Bxc6 Nxc6 23. Rab1 b6 24. Rd3 Ne5 25. Rd4 Ng4+ 26. Kg2 Rxc3
27. Ra4 Rc7 28. h3 Nf6 29. Rf1 g6 30. g4 Ke6 31. gxf5+ gxf5 32. Raf4 Nd5 33.
R4f3 f4 34. Rb1 Rc2 35. Kf2 Nc3 36. Rxf4 Nxb1 37. Re4+ Kd6 38. Ra4 Nc3 39. Rxa7
Rxe2+ 40. Kf3 Re7 41. Ra3 Nd5 42. Rd3 Rf7+ 43. Kg4 Rg7+ 44. Kh5 Kc5 45. Kh6 Rd7
46. h4 Rd6+ 47. Kxh7 Nf6+ 48. Kg6 Rxd3 49. Kxf6 Rh3 50. Kg5 Kb4 51. h5 Ka3 52.
h6 Rxh6 0-1

[Event "Titled Tue 20th May Early"]
[Site "chess.com INT"]
[Date "2025.05.20"]
[Round "7"]
[White "Ternault, Mathieu"]
[Black "Iunusov, Nuriddin"]
[Result "1-0"]
[WhiteTitle "FM"]
[BlackTitle "CM"]
[WhiteElo "2273"]
[BlackElo "1953"]
[WhiteFideId "20641532"]
[BlackFideId "13803026"]
[EventDate "2025.05.20"]

1. d4 Nf6 2. Nf3 e6 3. g3 c5 4. c3 Nc6 5. Bg2 d5 6. O-O Be7 7. Bg5 O-O 8. Nbd2
cxd4 9. cxd4 Qb6 10. Bxf6 Bxf6 11. e3 Qxb2 12. a4 Qb6 13. Nb3 Qc7 14. Qd2 Bd7
15. a5 Rfc8 16. Rfc1 b6 17. Bf1 Qd6 18. Bb5 bxa5 19. Bxc6 Bxc6 20. Nxa5 Bb5 21.
h4 h6 22. Rxc8+ Rxc8 23. Nb7 Qb6 24. Nc5 Be7 25. Nd3 f6 26. Nf4 Bc4 27. h5 Ra8
28. Kg2 a5 29. Qc2 a4 30. Rxa4 Rf8 31. Qc1 Qd6 32. Ra7 e5 33. Ng6 Re8 34. dxe5
fxe5 35. Nfxe5 Bb5 36. Qc3 Bf6 37. f4 Rb8 38. Qc7 Qxc7 39. Rxc7 Be8 40. Kf3 Bxg6
41. hxg6 h5 42. Rd7 1-0

[Event "Titled Tue 20th May Early"]
[Site "chess.com INT"]
[Date "2025.05.20"]
[Round "7"]
[White "Zaksaite, Salomeja"]
[Black "King, Alexander"]
[Result "0-1"]
[WhiteTitle "WGM"]
[BlackTitle "FM"]
[WhiteElo "2119"]
[BlackElo "2263"]
[WhiteFideId "12801496"]
[BlackFideId "2063620"]
[EventDate "2025.05.20"]

1. d4 d5 2. c4 e6 3. g3 c6 4. Bg2 dxc4 5. Qc2 Qxd4 6. Nf3 Qd8 7. O-O b5 8. a4
Bb7 9. Rd1 Qb6 10. Be3 Qc7 11. Bf4 Qc8 12. Nc3 a6 13. Ne4 Nd7 14. b3 cxb3 15.
Qxb3 Ngf6 16. Nd6+ Bxd6 17. Bxd6 Ne4 18. Ba3 b4 19. Qxb4 c5 20. Qc4 O-O 21. Rab1
Bd5 22. Qc2 Qc6 23. Ne1 Nef6 24. f3 e5 25. e4 Be6 26. Nd3 Rfc8 27. Rdc1 c4 28.
Nb4 Qc7 29. Kh1 h6 30. Bf1 a5 31. Nd5 Nxd5 32. exd5 Bxd5 33. Bg2 Nf6 34. Rd1 Qc6
35. Qe2 e4 36. f4 Re8 37. Bb2 Nh7 38. Bd4 Rad8 39. Rbc1 Qxa4 40. Qb2 f6 41. Qb6
Qc6 42. Qxa5 e3 43. Rc2 Bxg2+ 44. Rxg2 e2 45. Re1 Rxd4 46. Qc3 Rd1 0-1

[Event "Titled Tue 20th May Early"]
[Site "chess.com INT"]
[Date "2025.05.20"]
[Round "7"]
[White "Jahnz, Laurin"]
[Black "Sharshenbekov, Emir"]
[Result "0-1"]
[WhiteTitle "CM"]
[BlackTitle "CM"]
[WhiteElo "2233"]
[BlackElo "2091"]
[WhiteFideId "16261089"]
[BlackFideId "13810634"]
[EventDate "2025.05.20"]

1. e4 e5 2. d4 exd4 3. Qxd4 Nc6 4. Qe3 g6 5. Nc3 Bg7 6. Bd2 Nf6 7. h4 d6 8.
O-O-O Be6 9. Nf3 h6 10. Bb5 O-O 11. Rdg1 Ng4 12. Qe1 Nd4 13. Nxd4 Bxd4 14. Rf1
c6 15. Bd3 Bg7 16. f3 Ne5 17. h5 Nxd3+ 18. cxd3 b5 19. hxg6 fxg6 20. Bxh6 b4 21.
Bxg7 Kxg7 22. Ne2 c5 23. Qd2 Rh8 24. b3 Qf6 25. Qb2 a5 26. Qxf6+ Kxf6 27. Kb2 a4
28. Rxh8 a3+ 29. Kc1 Rxh8 30. Kd2 Rh2 31. Rg1 g5 32. Ke3 Rh8 33. Rc1 Rh2 34. Rg1
Ke5 35. d4+ Kf6 36. d5 Bd7 37. Ng3 Ke5 38. Nf1 Rh4 39. Nd2 Bb5 40. Nc4+ Bxc4 41.
bxc4 Rh2 42. g3 Rxa2 43. f4+ Kf6 44. e5+ dxe5 45. fxe5+ Kxe5 46. Rf1 Rc2 47. Rf8
Rc3+ 0-1

[Event "Titled Tue 20th May Early"]
[Site "chess.com INT"]
[Date "2025.05.20"]
[Round "7"]
[White "Aarit Kapil"]
[Black "Napoli, Nicolo"]
[Result "0-1"]
[WhiteTitle "CM"]
[BlackTitle "FM"]
[WhiteElo "2098"]
[BlackElo "2245"]
[WhiteFideId "33408947"]
[BlackFideId "813702"]
[EventDate "2025.05.20"]

1. e3 Nf6 2. Ke2 e5 3. Ke1 d5 4. g3 Nc6 5. Bg2 e4 6. Ne2 Ne5 7. d4 Bb4+ 8. Bd2
Bxd2+ 9. Nxd2 Ng6 10. c4 c6 11. Nc3 h5 12. h4 Bg4 13. Qb3 Qd7 14. cxd5 cxd5 15.
Qa3 Ne7 16. Nb3 b6 17. Bf1 O-O 18. Bb5 Qe6 19. Ne2 Ng6 20. Nf4 Nxf4 21. gxf4 Bf3
22. Rg1 Qh3 23. Nd2 Qh2 24. Nxf3 exf3 25. Rf1 Qxh4 26. Ba6 Rfe8 27. Rc1 Ng4 28.
Rc3 Rad8 29. Qb3 Re7 30. Bb5 g6 31. Bc6 Nf6 32. Bb5 Qxf4 33. Qa3 Re6 34. Rc6 Qe4
35. Rxe6 Qxe6 36. Bd3 Kg7 37. Kd2 Rc8 38. Qxa7 Ne4+ 39. Bxe4 Qxe4 40. Rc1 Rxc1
41. Kxc1 h4 42. Qxb6 h3 43. Qd6 Qg4 44. Qe5+ Kh7 45. Qf6 Qf5 46. Qh4+ Qh5 47.
Qf6 Kg8 48. Qd8+ Kg7 0-1

[Event "Titled Tue 20th May Early"]
[Site "chess.com INT"]
[Date "2025.05.20"]
[Round "7"]
[White "Garcia Garcia, Adrian Antonio"]
[Black "May Sanchez, Andres Elias"]
[Result "1-0"]
[WhiteTitle "CM"]
[WhiteElo "2157"]
[BlackElo "2209"]
[WhiteFideId "2206587"]
[BlackFideId "5150973"]
[EventDate "2025.05.20"]

1. d4 Nf6 2. Bg5 e6 3. e4 h6 4. Bxf6 Qxf6 5. c3 d6 6. Nd2 g6 7. g3 Bg7 8. Bg2
O-O 9. Ne2 e5 10. O-O Nd7 11. f4 Qe7 12. f5 exd4 13. cxd4 c5 14. fxg6 fxg6 15.
Nf4 Bxd4+ 16. Kh1 Kh7 17. Nd5 Rxf1+ 18. Qxf1 Qg7 19. Nc4 Nf6 20. Nxd6 Nxd5 21.
exd5 Bg4 22. Re1 Rf8 23. Qd3 Bxb2 24. h3 Bd7 25. Nc4 Bc3 26. Re2 b5 27. Ne3 c4
28. Qc2 Re8 29. Ng4 Rxe2 30. Qxe2 Bxg4 31. Qxg4 Be5 32. Be4 c3 33. Qe6 Qf6 34.
Qd7+ Qg7 35. Qxb5 Bxg3 36. Qc6 Be5 37. Kg2 h5 38. d6 Qf6 39. Qb7+ Kh6 40. d7
Qg5+ 41. Kf2 Qd2+ 42. Kf3 Qf4+ 43. Ke2 Qd2+ 44. Kf3 c2 45. Qc6 Qf4+ 46. Kg2 Qg3+
47. Kf1 Qxh3+ 48. Ke2 Qh2+ 49. Ke3 Qf4+ 50. Ke2 c1=Q 51. Qxg6# 1-0

[Event "Titled Tue 20th May Early"]
[Site "chess.com INT"]
[Date "2025.05.20"]
[Round "7"]
[White "Dubnevych, Maksym"]
[Black "Deboushnik De"]
[Result "1/2-1/2"]
[WhiteTitle "FM"]
[WhiteElo "2292"]
[BlackElo "2207"]
[WhiteFideId "14184001"]
[BlackFideId "25768778"]
[EventDate "2025.05.20"]

1. Nc3 Nf6 2. e4 d5 3. e5 Nfd7 4. d4 c5 5. Nxd5 cxd4 6. c3 e6 7. Nf4 dxc3 8.
bxc3 Qc7 9. Nf3 Nxe5 10. Bb5+ Bd7 11. Bxd7+ Nbxd7 12. O-O Be7 13. Nh5 O-O 14.
Bf4 Qxc3 15. Nxe5 Nxe5 16. Rc1 Qa5 17. Bd2 Qd8 18. Qe2 Ng6 19. Bc3 e5 20. Bxe5
Nxe5 21. Qxe5 Bf6 22. Qg3 Qb6 23. Qf4 Rac8 24. Rcd1 Rfd8 25. h4 h6 26. Rfe1 Rxd1
27. Rxd1 Rd8 28. Re1 Qd4 29. Nxf6+ Qxf6 30. Qxf6 gxf6 31. Re7 Rd1+ 32. Kh2 Rb1
33. a4 a5 34. Kg3 Kg7 35. f3 Rb4 36. Rd7 b6 37. Rb7 h5 38. Kh3 Kg6 39. g4 hxg4+
40. fxg4 Rb3+ 41. Kg2 Rb4 42. Kf3 Rxa4 43. Rxb6 Ra3+ 44. Kf4 Ra4+ 45. Kf3 Ra1
46. Kf4 a4 47. g5 Rf1+ 48. Kg4 a3 49. Ra6 Rg1+ 50. Kh3 Rf1 51. Kg4 Rg1+ 52. Kh3
Rf1 53. Kg4 1/2-1/2

[Event "Titled Tue 20th May Early"]
[Site "chess.com INT"]
[Date "2025.05.20"]
[Round "7"]
[White "Saiz Rodriguez, Daniel Evelio"]
[Black "Modric, Nesa"]
[Result "1-0"]
[WhiteTitle "FM"]
[BlackTitle "CM"]
[WhiteElo "2187"]
[BlackElo "2088"]
[WhiteFideId "3523420"]
[BlackFideId "922579"]
[EventDate "2025.05.20"]

1. c4 c6 2. e4 e5 3. Nf3 d6 4. d4 Qc7 5. h3 Nf6 6. Nc3 Be7 7. Be2 O-O 8. O-O a5
9. Be3 h6 10. Qc2 Re8 11. b3 Bf8 12. Rad1 Na6 13. d5 c5 14. Nh2 Nb4 15. Qb1 a4
16. Nxa4 Rxa4 17. bxa4 Bd7 18. Ng4 Nxg4 19. Bxg4 Bxa4 20. Rd2 Be7 21. Rb2 Rb8
22. Bd2 Na6 23. Bc3 Bd8 24. f4 b6 25. fxe5 dxe5 26. Rbf2 Be8 27. Qb2 f6 28. Be6+
Kh8 29. Bxe5 Qxe5 30. Qxe5 fxe5 31. Rf8+ Kh7 32. Rxe8 Bg5 33. Rxb8 Nxb8 34. Bc8
Kg8 35. Rb1 Bd8 36. Rf1 Bf6 37. g4 Kf7 38. Kg2 Ke7 39. Kg3 Kd8 40. Be6 Na6 41.
a3 Nc7 42. Bf5 Ne8 43. h4 g5 44. hxg5 Bxg5 45. Rb1 Kc7 46. Rb3 Nd6 47. Rc3 Bd2
48. Rc2 Bg5 49. Kf3 Kb7 50. Ke2 Ka6 51. Kd3 Ka5 52. Bd7 1-0

[Event "Titled Tue 20th May Early"]
[Site "chess.com INT"]
[Date "2025.05.20"]
[Round "7"]
[White "Kvaloy, Aksel Bu"]
[Black "Malyshev, Vasilij"]
[Result "1/2-1/2"]
[WhiteTitle "IM"]
[BlackTitle "IM"]
[WhiteElo "2479"]
[BlackElo "2353"]
[WhiteFideId "1528815"]
[BlackFideId "4105346"]
[EventDate "2025.05.20"]

1. e4 e5 2. Nf3 Nf6 3. Nxe5 d6 4. Nd3 Nxe4 5. Qe2 Qe7 6. Nf4 c6 7. d4 d5 8. h4
g6 9. Nd2 Bg7 10. c3 Nxd2 11. Qxe7+ Kxe7 12. Bxd2 h5 13. f3 Re8 14. Kf2 Bf5 15.
a4 a5 16. Bd3 Bxd3 17. Nxd3 Nd7 18. Bf4 Kf8 19. Rhe1 Rxe1 20. Rxe1 Bf6 21. g3
Kg7 22. Bg5 Bxg5 23. hxg5 Kf8 24. b3 Re8 25. Rxe8+ Kxe8 26. b4 b6 27. Ke3 Ke7
28. Nc1 Kd6 29. Nb3 axb4 30. cxb4 Nf8 31. a5 Kc7 32. f4 Ne6 33. Kf3 Ng7 34. g4
hxg4+ 35. Kxg4 Nf5 36. Kf3 Kb7 37. Ke2 Ka6 38. Kd3 bxa5 39. bxa5 Kb5 40. Kc3 Nd6
41. Kd3 Nc4 42. Nc5 Kxa5 43. Nd7 Kb5 44. Ne5 Nd6 45. Kc3 c5 46. dxc5 Kxc5 47.
Nd3+ Kc6 48. Kd4 Nf5+ 49. Ke5 d4 50. Ke4 Kd6 51. Ne5 Ke6 52. Nc6 Nd6+ 53. Kxd4
Kf5 54. Ke3 Nc4+ 55. Kf3 Nd2+ 56. Ke2 Kxf4 57. Kxd2 Kxg5 58. Ke3 f5 59. Nd4 Kf6
60. Kf3 g5 61. Ne2 Ke5 62. Ng3 g4+ 63. Kf2 f4 64. Ne2 Ke4 65. Ng3+ fxg3+ 66.
Kxg3 Kf5 67. Kg2 Kf4 68. Kf2 g3+ 69. Kg2 Kg4 70. Kg1 Kf3 71. Kf1 g2+ 72. Kg1 Kg3 1/2-1/2

[Event "Titled Tue 20th May Early"]
[Site "chess.com INT"]
[Date "2025.05.20"]
[Round "7"]
[White "Ebrahimi Herab, Hamidreza"]
[Black "Nihal, Sarin"]
[Result "0-1"]
[WhiteTitle "FM"]
[BlackTitle "GM"]
[WhiteElo "2404"]
[BlackElo "2693"]
[WhiteFideId "22512888"]
[BlackFideId "25092340"]
[EventDate "2025.05.20"]

1. d4 Nf6 2. c4 Na6 3. Nc3 c5 4. d5 g6 5. e4 d6 6. Be2 Bg7 7. h3 O-O 8. Nf3 Nc7
9. Bg5 b5 10. cxb5 a6 11. bxa6 Bxa6 12. O-O Nd7 13. Bxa6 Rxa6 14. Qe2 Re8 15.
Rfe1 Qa8 16. Bf4 Rb8 17. Red1 Bxc3 18. bxc3 Ra4 19. Bg3 f6 20. h4 Qa6 21. Qc2
Ra8 22. Rd2 Qc4 23. h5 Qxe4 24. Qd1 Kf7 25. Nh2 Nb6 26. Qb3 Ncxd5 27. Rad1 Ra3
28. Qb5 Nxc3 29. Qxb6 Nxd1 30. Rxd1 Rxa2 31. Nf3 Ra1 32. Rxa1 Rxa1+ 33. Kh2 Qb1
34. Qxb1 Rxb1 35. hxg6+ hxg6 36. Nd2 Rb4 37. Kg1 e5 38. Kf1 Ke6 39. Ke2 d5 40.
Kd3 f5 41. Kc3 d4+ 42. Kc2 e4 43. Bf4 Kd5 44. Bg5 c4 45. Bf6 Rb6 46. Bg7 f4 47.
Bh6 e3 48. fxe3 fxe3 49. Nf3 d3+ 50. Kc1 d2+ 51. Kc2 Rb2+ 52. Kxb2 d1=Q 0-1

[Event "Titled Tue 20th May Early"]
[Site "chess.com INT"]
[Date "2025.05.20"]
[Round "7"]
[White "Diachek, Andrii"]
[Black "Lukiyanchuk, Vladislav"]
[Result "0-1"]
[WhiteTitle "CM"]
[WhiteElo "2226"]
[BlackElo "2299"]
[WhiteFideId "34106499"]
[BlackFideId "14127113"]
[EventDate "2025.05.20"]

1. c4 Nf6 2. Nf3 e6 3. g3 d5 4. Bg2 Bd6 5. O-O O-O 6. b3 c5 7. cxd5 exd5 8. d4
Nc6 9. Bb2 Ne4 10. Nbd2 Re8 11. Rb1 Qa5 12. a3 Nc3 13. Bxc3 Qxc3 14. Rc1 Qb2 15.
dxc5 Bc7 16. Nb1 Rxe2 17. Nc3 Re8 18. Nxd5 Rd8 19. Qe1 Ba5 20. b4 Bg4 21. Ne7+
Nxe7 22. Qxe7 Rd7 23. Qe5 Qxa3 24. bxa5 Bxf3 25. Rc3 Qb2 26. Bxf3 Rd3 27. Rfc1
Rxf3 28. Re1 Qxf2+ 29. Kh1 h6 30. Rxf3 Qxf3+ 31. Kg1 Rd8 32. Qe4 Qc3 33. Qe7
Qd4+ 34. Kg2 Rd7 35. Qe8+ Kh7 36. Qe4+ Qxe4+ 37. Rxe4 Rc7 38. Rb4 Kg6 39. Kf3
Kf5 40. Rf4+ Ke5 41. Rb4 Kd5 42. a6 bxa6 43. Ra4 Rc6 44. Ra5 Rxc5 45. Rxa6 Rc7
46. Ke3 Kc5 47. Kd3 Kb5 48. Ra3 a5 49. Rb3+ Kc5 50. Rc3+ Kd6 51. Ra3 Rc5 52. Ra4
Kd5 53. Rd4+ Ke5 54. Rd8 Rd5+ 0-1

[Event "Titled Tue 20th May Early"]
[Site "chess.com INT"]
[Date "2025.05.20"]
[Round "7"]
[White "Sarkar, Justin"]
[Black "Deveci, Huseyin Said"]
[Result "1-0"]
[WhiteTitle "IM"]
[BlackTitle "CM"]
[WhiteElo "2286"]
[BlackElo "2212"]
[WhiteFideId "2010011"]
[BlackFideId "26322455"]
[EventDate "2025.05.20"]

1. e4 Nf6 2. e5 Nd5 3. d4 d6 4. Nf3 g6 5. Bc4 Nb6 6. Bb3 Bg7 7. a4 a5 8. Qe2 O-O
9. h3 c5 10. dxc5 dxc5 11. O-O Na6 12. Rd1 Qc7 13. Nc3 c4 14. Nb5 Qc6 15. Ba2
Nb4 16. Bb1 Bf5 17. Nfd4 Qe4 18. Qxe4 Bxe4 19. f3 Bd5 20. c3 Nd3 21. Bxd3 cxd3
22. Nc7 Rad8 23. Nxd5 Rxd5 24. f4 f6 25. e6 f5 26. Rxd3 Rfd8 27. b3 Na8 28. Be3
Nc7 29. Rad1 Bxd4 30. Rxd4 Rxd4 31. Rxd4 Rxd4 32. Bxd4 Nxe6 33. Be3 Kf7 34. Kf2
Nd8 35. Ke2 Nc6 36. Kd3 Ke6 37. Kc4 Kd6 38. b4 axb4 39. cxb4 e5 40. Bc5+ Ke6 41.
b5 Nd8 42. fxe5 Kxe5 43. a5 Ke4 44. a6 bxa6 45. bxa6 Ne6 46. Bd6 f4 47. a7 f3
48. gxf3+ Kxf3 49. a8=Q+ Kf2 50. Qg8 Nf4 51. Bxf4 Kf3 52. Qxh7 Kxf4 53. Qxg6 1-0

[Event "Titled Tue 20th May Early"]
[Site "chess.com INT"]
[Date "2025.05.20"]
[Round "7"]
[White "Materia, Marco"]
[Black "Kosteniuk, Alexandra"]
[Result "1/2-1/2"]
[WhiteTitle "IM"]
[BlackTitle "GM"]
[WhiteElo "2489"]
[BlackElo "2479"]
[WhiteFideId "45150451"]
[BlackFideId "4128125"]
[EventDate "2025.05.20"]

1. Nf3 d5 2. g3 c5 3. Bg2 Nf6 4. O-O g6 5. c4 Bg7 6. cxd5 Nxd5 7. Nc3 Nb6 8. d3
O-O 9. Be3 c4 10. d4 Nc6 11. Qd2 Re8 12. Rfd1 Bf5 13. Bh6 Bh8 14. d5 Nb4 15. Nd4
Bd7 16. Rac1 Qc8 17. Qf4 Bh3 18. Bf3 Nd7 19. a3 Na6 20. Ndb5 Ne5 21. Bh1 Ng4 22.
Bf3 Nxh6 23. Qxh6 Nc5 24. d6 Nb3 25. Rc2 Bf5 26. e4 Bg4 27. Bxg4 Qxg4 28. Nc7
Nd4 29. Rxd4 Bxd4 30. dxe7 Bxc3 31. Rxc3 Qxe4 32. Re3 Qc6 33. Nxa8 Rxa8 34. Qf4
Re8 35. Qd4 f6 36. Qxa7 Kf7 37. Qd4 b5 38. Qa7 Qd6 39. Qb7 Qc5 40. h4 Rxe7 41.
Rxe7+ Qxe7 42. Qxb5 Qe1+ 43. Kg2 Qe4+ 44. Kh2 Qe2 45. Qc5 Kg7 46. Kg2 Qe4+ 47.
Kh2 Qe2 48. Qe3 Qxb2 49. a4 c3 50. Qe7+ Kg8 51. Qe8+ Kg7 52. Qe7+ Kg8 53. Qxf6
Qd2 54. Qe6+ Kg7 55. Qe7+ Kg8 56. Qe8+ Kg7 57. Qe7+ Kg8 58. Qe8+ Kg7 59. Qe7+ 1/2-1/2

[Event "Titled Tue 20th May Early"]
[Site "chess.com INT"]
[Date "2025.05.20"]
[Round "7"]
[White "Shuvalov, Evgenij"]
[Black "Shevkunov, Vladyslav"]
[Result "1-0"]
[WhiteElo "1986"]
[BlackElo "2073"]
[WhiteFideId "4187237"]
[BlackFideId "30953448"]
[EventDate "2025.05.20"]

1. d4 d5 2. c4 e6 3. Nf3 Nf6 4. Nc3 a6 5. cxd5 exd5 6. Qb3 Bd6 7. Bg5 c6 8. e3
O-O 9. Bd3 h6 10. Bh4 Re8 11. O-O Nbd7 12. Qc2 Nf8 13. Rad1 Bg4 14. Bg3 Bxf3 15.
gxf3 Ne6 16. Kg2 Bf8 17. Ne2 Qd7 18. h4 Rac8 19. e4 c5 20. dxc5 d4 21. b4 a5 22.
a3 axb4 23. axb4 b6 24. Bc4 bxc5 25. b5 Nc7 26. Qb3 Qe7 27. Nf4 Nxe4 28. fxe4
Qxe4+ 29. Qf3 Bd6 30. Qxe4 Rxe4 31. Nd5 Bxg3 32. Kxg3 Nxd5 33. Bxd5 Re5 34. Bc4
Rb8 35. Rfe1 Rf5 36. Re7 g5 37. hxg5 Rxg5+ 38. Kf4 Rg7 39. Rd3 Kf8 40. Rc7 Re8
41. Rg3 h5 42. Rxg7 Kxg7 43. Rxf7+ Kg6 44. Rc7 Rf8+ 45. Kg3 h4+ 46. Kg2 h3+ 47.
Kxh3 Rxf2 48. Rxc5 Rd2 49. Rd5 Kf6 50. b6 Rb2 51. Bb5 d3 52. b7 Rxb5 53. Rxb5 d2
54. Rd5 d1=Q 55. Rxd1 Ke6 56. b8=Q 1-0

[Event "Titled Tue 20th May Early"]
[Site "chess.com INT"]
[Date "2025.05.20"]
[Round "7"]
[White "Gkavardinas, Antonios"]
[Black "Ter-Sahakyan, Samvel"]
[Result "0-1"]
[WhiteTitle "FM"]
[BlackTitle "GM"]
[WhiteElo "2313"]
[BlackElo "2611"]
[WhiteFideId "25883097"]
[BlackFideId "13302531"]
[EventDate "2025.05.20"]

1. e4 c5 2. Nf3 Nc6 3. Bb5 d6 4. O-O Bd7 5. d4 cxd4 6. Nxd4 Nf6 7. Re1 g6 8.
Bxc6 bxc6 9. e5 dxe5 10. Rxe5 Bg7 11. Nc3 O-O 12. Re1 Qb6 13. Nb3 Bg4 14. Qd4
Rfd8 15. Qxb6 axb6 16. Bf4 Nd5 17. Nxd5 Rxd5 18. c3 Bf6 19. h3 Be6 20. Be3 c5
21. Nd2 Rd7 22. a3 Bd5 23. Nf3 Bxf3 24. gxf3 Rad8 25. Kg2 Kg7 26. f4 Rd5 27. Kf3
Rh5 28. Kg2 Rhd5 29. Kf3 R8d6 30. a4 Rh5 31. Kg2 c4 32. Rad1 Rxd1 33. Rxd1 Ra5
34. Bxb6 Rxa4 35. Bd4 Ra2 36. Bxf6+ Kxf6 37. Rd2 Ra1 38. Kf3 Rb1 39. Ke4 h5 40.
Kd4 Kf5 41. Kxc4 Kxf4 42. b4 g5 43. b5 f5 44. Kc5 e5 45. b6 g4 46. hxg4 fxg4 47.
Kc6 h4 48. Rd5 h3 49. Rb5 Rxb5 50. Kxb5 h2 51. b7 h1=Q 52. b8=Q Qb1+ 0-1

[Event "Titled Tue 20th May Early"]
[Site "chess.com INT"]
[Date "2025.05.20"]
[Round "7"]
[White "Viskelis, Darius"]
[Black "Berezin, Viktor RUS"]
[Result "1-0"]
[WhiteTitle "FM"]
[BlackTitle "FM"]
[WhiteElo "2165"]
[BlackElo "1921"]
[WhiteFideId "12800830"]
[BlackFideId "4128869"]
[EventDate "2025.05.20"]

1. e4 c5 2. Nf3 d6 3. Bb5+ Nd7 4. c3 a6 5. Ba4 Nf6 6. Bc2 g6 7. O-O Bg7 8. d4 e5
9. dxc5 dxc5 10. Qd6 Qe7 11. Rd1 Qxd6 12. Rxd6 Ke7 13. Rd1 h6 14. h3 b6 15. a4
Bb7 16. Nbd2 b5 17. b4 c4 18. Re1 Nh5 19. g3 Bf6 20. Nf1 Ng7 21. Ne3 h5 22. Nd5+
Bxd5 23. exd5 Kd6 24. Bg5 Bd8 25. axb5 f6 26. Be3 a5 27. Bxg6 a4 28. Bc2 a3 29.
Nd2 Rc8 30. Rxa3 Kxd5 31. Be4+ Ke6 32. Ra6+ Ke7 33. Rc6 Rb8 34. Nxc4 Rxb5 35.
Rd1 Rb7 36. Nd6 Rc7 37. Nc8+ Ke8 38. Bg6+ Kf8 39. Rxc7 Bxc7 40. Rxd7 Ne6 41. Bf5
Ng7 42. Bg6 Ne6 43. Bf7 Nd8 44. Bc5+ Bd6 45. Bxd6+ Kg7 46. Bd5+ Kg6 47. Ne7+ Kg5
48. Be4 f5 49. Nxf5 Kf6 50. Re7 Ne6 51. Rxe6+ Kxe6 52. c4 1-0

[Event "Titled Tue 20th May Early"]
[Site "chess.com INT"]
[Date "2025.05.20"]
[Round "7"]
[White "Petriashvili, Nikoloz"]
[Black "Laddha, Shubh Jayesh"]
[Result "1-0"]
[WhiteTitle "IM"]
[BlackTitle "FM"]
[WhiteElo "2468"]
[BlackElo "2303"]
[WhiteFideId "13611216"]
[BlackFideId "30942799"]
[EventDate "2025.05.20"]

1. d4 d5 2. Na3 Nf6 3. Nf3 Bf5 4. c3 e6 5. Qb3 Qc8 6. Bf4 Be7 7. e3 O-O 8. Nb5
Na6 9. Be2 Ne4 10. O-O c5 11. Qd1 c4 12. a4 g5 13. Bg3 Nxg3 14. fxg3 Nc7 15.
Nxc7 Qxc7 16. Nd2 Bg6 17. Bh5 f5 18. Bxg6 hxg6 19. b3 cxb3 20. Qxb3 Rac8 21.
Rac1 Qb6 22. Qxb6 axb6 23. Rc2 Bb4 24. Rfc1 Ba5 25. Kf2 Rc6 26. Ke2 Rfc8 27. Kd3
Kf7 28. Nf3 Kf6 29. Ne5 R6c7 30. c4 dxc4+ 31. Rxc4 Rxc4 32. Nxc4 Ke7 33. Rb1 Rc6
34. h3 Kf6 35. g4 Rc8 36. Rb5 Rc7 37. Rb2 Rc8 38. Rf2 Rc7 39. e4 Rc8 40. gxf5
gxf5 41. e5+ Kg6 42. Rb2 Rd8 43. Nxa5 bxa5 44. Rxb7 f4 45. Re7 Kf5 46. Rf7+ Kg6
47. Rf6+ Kh5 48. Rxe6 Rb8 49. Rc6 Rb2 50. Rc2 Rb3+ 51. Ke4 Re3+ 52. Kf5 Kh4 53.
e6 Kg3 54. d5 f3 55. gxf3 Kxh3 56. d6 Rxf3+ 57. Kxg5 Rg3+ 58. Kf6 Rf3+ 59. Ke7
Rg3 60. d7 Rg7+ 61. Kd6 Rg8 62. e7 Rg6+ 63. Kc7 Rg8 64. d8=Q Rg4 65. e8=Q Rg7+
66. Kc8 Rg4 67. Qe3+ Rg3 68. Qd7+ Kh4 69. Qde7+ Kg4 70. Q7e6+ Kh5 71. Qf5+ Kh4
72. Rh2+ 1-0

[Event "Titled Tue 20th May Early"]
[Site "chess.com INT"]
[Date "2025.05.20"]
[Round "7"]
[White "Krzywda, Andrzej"]
[Black "Katishonok, Nikolaj"]
[Result "1-0"]
[WhiteTitle "CM"]
[BlackTitle "FM"]
[WhiteElo "2175"]
[BlackElo "2004"]
[WhiteFideId "1114565"]
[BlackFideId "11600225"]
[EventDate "2025.05.20"]

1. e4 e6 2. d4 d5 3. Nc3 Bb4 4. e5 c5 5. a3 Bxc3+ 6. bxc3 Qc7 7. Nf3 b6 8. h4
Ba6 9. Bxa6 Nxa6 10. h5 h6 11. O-O Ne7 12. a4 Nb8 13. a5 bxa5 14. Ba3 Nd7 15. c4
O-O 16. cxd5 Nxd5 17. c4 Nb4 18. Re1 Rac8 19. d5 Nb6 20. d6 Qd7 21. Qe2 f6 22.
exf6 Rxf6 23. Bb2 Rf5 24. Rxa5 Rcf8 25. Bc3 Nc6 26. Rb5 Qxd6 27. Qxe6+ Qxe6 28.
Rxe6 Rc8 29. Rg6 Rf7 30. Rxc5 Ne7 31. Rxc8+ Nexc8 32. c5 Na4 33. Bd4 Rc7 34. Nh4
Nxc5 35. Bxg7 Rxg7 36. Rc6 Rg5 37. Rxc8+ Kf7 38. Rc7+ Ke6 39. Rxa7 Rxh5 40. g3
Rd5 41. Ng2 Kf6 42. Nf4 Rd2 43. Rc7 Ne4 44. Rc6+ Kg7 45. Nh3 Ng5 46. Nf4 Ne4 47.
Nh3 Ng5 48. Nxg5 hxg5 49. Kg2 Rd4 50. f3 Rd3 51. g4 Rb3 52. Kg3 Rb4 53. Rc5 1-0